000 00297nam a22001457a 4500
008 210310b ||||| |||| 00| 0 eng d
020 _acha0123u
041 _aeng
080 _24th
_a541
082 _a541
100 _a12
101 _aKIM
245 _aChemistry
_cChang,R
942 _2udc
_cBK
999 _c56204
_d56204